Skip to main content
Your cart is empty.
Your lists
Log in to create your own lists
Your cookies
العربية
English
العربية
Home
Search
Advanced search
Authority search
About
The noble scholar, jurist, historian
His Excellency Dr. Abdul Wahhab bin Ibrahim Abu Sulaiman, may Allah have mercy on him.
He was born in Umm Al-Qura in the year 1356 AH.
Library catalog
Title
Author
Subject
ISBN
ISSN
Series
Call number
Log in to your account
×
Login:
Password:
Home
MARC view: زكاة الديون المعاصرة :
Normal view
MARC view
ISBD view
زكاة الديون المعاصرة : (Record no. 6559)
[
view plain
]
MARC details
000 -LEADER
fixed length control field
03379cam a2200421 i 4500
003 - CONTROL NUMBER IDENTIFIER
control field
SA-RiAUC
005 - DATE AND TIME OF LATEST TRANSACTION
control field
20250322123331.0
008 - FIXED-LENGTH DATA ELEMENTS--GENERAL INFORMATION
fixed length control field
250321s2015____su g 001 0 ara c
020 ## - INTERNATIONAL STANDARD BOOK NUMBER
International Standard Book Number
9786038100851
024 0# - OTHER STANDARD IDENTIFIER
Standard number or code
00000000339029
035 ## - SYSTEM CONTROL NUMBER
System control number
276599
040 ## - CATALOGING SOURCE
Original cataloging agency
SA-RiIMS
Language of cataloging
ara
Transcribing agency
SA-RiAUC
Modifying agency
KAC
Description conventions
rda
050 #4 - LIBRARY OF CONGRESS CALL NUMBER
Item number
A93 2015
082 04 - DEWEY DECIMAL CLASSIFICATION NUMBER
Classification number
252.48
Assigning agency
SA-RiAUC
090 ## - LOCALLY ASSIGNED LC-TYPE CALL NUMBER (OCLC); LOCAL CALL NUMBER (RLIN)
Classification number (OCLC) (R) ; Classification number, CALL (RLIN) (NR)
252.48
Local cutter number (OCLC) ; Book number/undivided call number, CALL (RLIN)
ع ا ي
100 1# - MAIN ENTRY--PERSONAL NAME
Personal name
العايضي، عبد الله بن عيسى
Relator term
مؤلف.
245 10 - TITLE STATEMENT
Title
زكاة الديون المعاصرة :
Remainder of title
دراسة تأصيلية تطبيقية /
Statement of responsibility, etc.
تأليف د. عبد الله بن عيسى العايضي.
250 ## - EDITION STATEMENT
Edition statement
الطبعة الأولى.
264 #1 - PRODUCTION, PUBLICATION, DISTRIBUTION, MANUFACTURE, AND COPYRIGHT NOTICE
Place of production, publication, distribution, manufacture
الرياض :
Name of producer, publisher, distributor, manufacturer
دار الميمان للنشر والتوزيع :
--
بنك البلاد،
Date of production, publication, distribution, manufacture, or copyright notice
2015
300 ## - PHYSICAL DESCRIPTION
Extent
278 صفحة ؛
Dimensions
24 × 17 سم.
336 ## - CONTENT TYPE
Content type term
نص
Content type code
txt
Source
rdacontent
Materials specified
كتاب
337 ## - MEDIA TYPE
Media type term
بدون وسيط
Media type code
n
Source
rdamedia
338 ## - CARRIER TYPE
Carrier type term
مجلد
Carrier type code
nc
Source
rdacarrier
490 0# - SERIES STATEMENT
Series statement
سلسلة مطبوعات المجموعة الشرعية ؛
Volume/sequential designation
(14)
500 ## - GENERAL NOTE
General note
الأصل أطروحة ماجستير-المعهد العالي للقضاء، 1428 هجري.
500 ## - GENERAL NOTE
General note
اهداء من بنك البلاد
500 ## - GENERAL NOTE
General note
كشافات : صفحة 251-258.
504 ## - BIBLIOGRAPHY, ETC. NOTE
Bibliography, etc. note
يشتمل علي إرجاعات ببليوجرافية.
504 ## - BIBLIOGRAPHY, ETC. NOTE
Bibliography, etc. note
ببليوجرافية : صفحة 259-271.
520 ## - SUMMARY, ETC.
Summary, etc.
هذا الكتاب زكاة الدين من المسائل الفقهية المهمة والمتكررة في كتب الفقه، وفي مواضع مختلفة متناثرة، فقد تناول الفقهاء حكم زكاة الدين ولهم فيه آراء مختلفة ومن ثم قامت هذه الدراسة الفقهية على سد ثغرة في المكتبة الإسلامية ببيان أحكام زكاة الدين بتطبيقاته المعاصرة حيث يعرض لآراء الفقهاء المختلفة فيه، ويجمع المتفرق من مسائله ويفصل المجمل منها مع التركيز على المسائل المستجدة فيه لقد ناقش المؤلف عبر القناة التطبيقية التي شقها من خلال هذا البحث مختلف قضايا زكاة الدين معالجا إشكالات المسائل المتعلقة بزكاة الديون مثل تحديد الفرق بين الدين والقرض وطريقة إخراج زكاة الديون المؤجلة وأثر الديون التي في الذمة على زكاة الأموال وزكاة الأعيان المؤجرة إجارة تمويلية وزكاة صكوك الاستثمار التمويلية وزكاة السندات وزكاة مكافأة نهاية الخدمة كما أردف هذه البحوث المهمة بتطبيقات معاصرة على زكاة الديون في الوعاء الزنكوي.
650 #7 - SUBJECT ADDED ENTRY--TOPICAL TERM
Topical term or geographic name entry element
زكاة الديون
Source of heading or term
aucsh
650 #7 - SUBJECT ADDED ENTRY--TOPICAL TERM
Topical term or geographic name entry element
زكاة المال
Source of heading or term
aucsh
856 42 - ELECTRONIC LOCATION AND ACCESS
Materials specified
Book Cover
Electronic format type
JPEG
Uniform Resource Identifier
<a href="https://library.ithra.com/bc/00000000339029.jpeg">https://library.ithra.com/bc/00000000339029.jpeg</a>
Public note
<CLICK_TO_VIEW_BOOK_COVER>
856 42 - ELECTRONIC LOCATION AND ACCESS
Materials specified
Table of contents
Electronic format type
PDF
Uniform Resource Identifier
<a href="https://library.ithra.com/pdf/.pdf">https://library.ithra.com/pdf/.pdf</a>
Public note
<CLICK_TO_ACCESS_TOC>
856 42 - ELECTRONIC LOCATION AND ACCESS
Materials specified
Book Cover
Electronic format type
JPEG
Uniform Resource Identifier
<a href="https://library.ithra.com/bc/00000000339029.jpeg">https://library.ithra.com/bc/00000000339029.jpeg</a>
Public note
<CLICK_TO_VIEW_BOOK_COVER>
942 ## - ADDED ENTRY ELEMENTS (KOHA)
Source of classification or shelving scheme
Dewey Decimal Classification
Koha item type
Books
Suppress in OPAC
No
949 ## - LOCAL PROCESSING INFORMATION (OCLC)
a
SA-JeALM
d
250321
u
mohamedma123
n
1
Holdings
Withdrawn status
Lost status
Source of classification or shelving scheme
Damaged status
Not for loan
Collection
Home library
Current library
Date acquired
Total checkouts
Full call number
Barcode
Date last seen
Price effective from
Koha item type
Dewey Decimal Classification
اهداء
DR AbdElwahab Library
DR AbdElwahab Library
03/22/2025
252.48 ع ا ي
000011057
03/22/2025
03/22/2025
Books
Place hold
Print
Add to your cart
(remove)
Save record
BIBTEX
Dublin Core
MARCXML
MARC (non-Unicode/MARC-8)
MARC (Unicode/UTF-8)
MARC (Unicode/UTF-8, Standard)
MODS (XML)
RIS
ISBD
More searches
Search for this title in:
Other Libraries (WorldCat)
Other Databases (Google Scholar)
Online Stores (Bookfinder.com)
Open Library (openlibrary.org)
Exporting to Dublin Core...
×
Simple DC-RDF
OAI-DC
SRW-DC